000
00260nam a2200109Ia 4500
008
200302s9999 xx 000 0 und d
100
_a
F. R. S. Yorke
245
_a
The Modern House In England
260
_b
The Architectural Press
260
_c
1947
300
_a
134 P.,
999
_c
7
_d
7